Landscape Of Indian Literature: Voices And Visions (Record no. 39140)

MARC details
000 -LEADER
fixed length control field 00490nam a2200193Ia 4500
008 - FIXED-LENGTH DATA ELEMENTS--GENERAL INFORMATION
fixed length control field 220531s9999 xx 000 0 und d
041 ## - LANGUAGE CODE
Language code of text/sound track or separate title eng
082 ## - DEWEY DECIMAL CLASSIFICATION NUMBER
Item number MAH
100 ## - MAIN ENTRY--PERSONAL NAME
Personal name Mahpatra, S.
9 (RLIN) 69817
245 ## - TITLE STATEMENT
Title Landscape Of Indian Literature: Voices And Visions
250 ## - EDITION STATEMENT
Edition statement 1ST
260 ## - PUBLICATION, DISTRIBUTION, ETC. (IMPRINT)
Place of publication, distribution, etc. Delhi
Name of publisher, distributor, etc. Authors
Date of publication, distribution, etc. 2014
300 ## - PHYSICAL DESCRIPTION
Extent 165
542 ## - INFORMATION RELATING TO COPYRIGHT STATUS
Copyright holder 17-04-2015
551 ## -
-- English
-- Non-grant-ENG
650 ## - SUBJECT ADDED ENTRY--TOPICAL TERM
Topical term or geographic name as entry element English
9 (RLIN) 69818
906 ## - LOCAL DATA ELEMENT F, LDF (RLIN)
d 2015-2016
f 8129
Holdings
Withdrawn status Lost status Source of classification or shelving scheme Damaged status Not for loan Collection code Home library Current library Date acquired Vendor Cost, normal purchase price Total Checkouts Total Holds Full call number Barcode Date last seen Bill Date Koha item type Original Barcode
    Dewey Decimal Classification       Shri Siddhivinayak Mahila Mahavidyalaya Shri Siddhivinayak Mahila Mahavidyalaya 18/05/2015 Sagar 600.00   1 /MAH/B/20608 SSMM-BK-20608 06/08/2022 06/08/2022 Books 010020608